| 000 | 00391cam a2200157ua 4500 | ||
|---|---|---|---|
| 041 |
_aeng _h |
||
| 082 |
_a690 _bDES/MO |
||
| 100 | _aDeshpande, R S . | ||
| 245 |
_aModern Ideal Homes for India / _cR S Deshpande. _hTextual Documents |
||
| 250 |
_a6 / _b. |
||
| 260 |
_aPoona : _bUnited Book Corporation , _c1965. |
||
| 300 | _a300 ; . | ||
| 504 | _a | ||
| 942 | _cBK | ||
| 999 |
_c3237 _d3237 |
||